000 00599nam a2200229Ia 4500
003 OSt
005 20220918214435.0
006 a|||||r|||| 00| 0
007 ta
008 220917b |||||||| |||| 00| 0 eng d
024 _a137,546
037 _cTextual
040 _aARTS
_cARTS
_beng
041 _2eng
_aeng
082 _aXM25:1:N3, H8.1-.2
100 _aFay C R
_9124539
245 0 _aCooperation at home and abroad
_b a description and analysis
260 _c1948
650 _aECONOMICS
942 _hXM25:1:N3, H8.1-.2
_cTEXL
_2CC
999 _c260626
_d260626